000 01000nam a2200241Ia 4500
003 GCL
008 140319s9999 xx 000 0 ara d
040 _aGCL /
_cGCL
082 0 4 _a953
_bم ح
100 1 _aالمجمع الملكى لبحوث الحضارة ال
245 1 0 _aالحضارة الاسلامية: بحوث ودراسات فى الشورى, التربية, الادارة المالية, معاملة غير المسلمين . /
_cالمجمع الملكى لبحوث الحضارة ال
260 _a[S.N] :
_bالمجمع الملكى لبحوث الحضارة الاسلامية ،
_c1986
300 _a247 ص
490 _a
650 0 4 _aالحضارة العربية الاسلامية - المعارف البحرية
650 0 4 _aالادارة
650 0 4 _aالتاريخ الاسلامى
650 0 4 _aالعلوم عند العرب
650 0 4 _aالشورى
650 0 4 _aالحضارة الاسلامية
650 0 4 _aاهل الذمة
942 _2ddc
_cBK
999 _c36053
_d36053